000 00271nam a2200109Ia 4500
008 200302s9999 xx 000 0 und d
100 _aMary Hollingsworth
245 _aArchitecture of the 20th Century
260 _bGrange Books Plc Inc.
260 _c1988
300 _a192 P.,
999 _c903
_d903